El nuevo Tribunal Constitucional, los derechos fundamentales y el moderno recurso de inaplicabilidad

保存先:
書誌詳細
第一著者: Hormazábal Malarée, Hernán (著者)
フォーマット: 図書
言語:スペイン語
出版事項: Santiago LexisNexis 2006
版:1a. ed
主題:
タグ: タグ追加
タグなし, このレコードへの初めてのタグを付けませんか!

MARC

LEADER 00000nam a2200000 a 4500
001 UCI8225
003 CL-VaPUC
005 20240912094142.0
008 080813e20060000CL |||||||||||||||||spa|d
999 |c 331244  |d 331242 
020 |a 9562386163 
040 |c Pontificia Universidad Católica de Valparaíso 
082 0 4 |a 342.830664 HOR 2006 
100 |a Hormazábal Malarée, Hernán  |e author  |9 562878 
245 1 3 |a El nuevo Tribunal Constitucional, los derechos fundamentales y el moderno recurso de inaplicabilidad 
250 |a 1a. ed 
260 |a Santiago  |b LexisNexis  |c 2006 
300 |a 342 p 
583 |a last modification  |c 20161026 05:31:25  |k Rodrigo Vera 
650 0 |a Recurso de inaplicabilidad   |9 384625 
650 0 |a Derecho constitucional   |9 222588 
650 0 |a Tribunales constitucionales   |9 328554 
650 0 |a Reformas constitucionales   |9 255169 
942 |c BK  |2 ddc 
945 |d 20080813 00:00:00  |a jtorresc 
952 |0 0  |1 0  |2 ddc  |4 0  |6 342_830664000000000_HOR_2006  |7 0  |8 A  |9 417532  |a BIBDER  |b BIBDER  |d 2019-11-22  |i 4473116  |o 342.830664 HOR 2006  |p 4473116  |r 2023-01-25  |t 1  |w 2019-11-22  |y BK  |k DER 
952 |0 0  |1 0  |2 ddc  |4 0  |6 342_830664000000000_HOR_2006  |7 0  |8 A  |9 417533  |a BIBDER  |b BIBDER  |d 2019-11-22  |i 4473124  |o 342.830664 HOR 2006  |p 4473124  |r 2023-01-25  |t 2  |w 2019-11-22  |y BK  |k DER 
952 |0 0  |1 0  |2 ddc  |4 0  |6 342_830664000000000_HOR_2006  |7 0  |8 A  |9 417534  |a BIBDER  |b BIBDER  |d 2019-11-22  |i 4473132  |o 342.830664 HOR 2006  |p 4473132  |r 2023-01-25  |t 3  |w 2019-11-22  |y BK  |k DER